Pediatric and neonatal tests and procedures

The book offers the basic information to trainees in pediatrics

Uloženo v:
Podrobná bibliografie
Hlavní autor: H William Taeusch
Médium: Kniha
Jazyk:Undetermined
Vydáno: Philadelphia, Pennsylvania W. B. Saunders 1996
Témata:
Tagy: Přidat tag
Žádné tagy, Buďte první, kdo otaguje tento záznam!
Thư viện lưu trữ: Trung tâm Học liệu Trường Đại học Cần Thơ
LEADER 00769nam a2200193Ia 4500
001 CTU_19173
008 210402s9999 xx 000 0 und d
082 |a 618.92 
082 |b T123 
100 |a H William Taeusch 
245 0 |a Pediatric and neonatal tests and procedures 
245 0 |c H William Taeusch, E Stephen Buescher, Robert O Christiansen 
260 |a Philadelphia, Pennsylvania 
260 |b W. B. Saunders 
260 |c 1996 
520 |a The book offers the basic information to trainees in pediatrics 
650 |a children - diseases - diagnosis,children - diseases - treatment,infants ( newborn ) - diseases - diagnosis,infants ( newborn ) - diseases - treatment 
904 |i Minh, 971011 
980 |a Trung tâm Học liệu Trường Đại học Cần Thơ